Представление документа в формате RUSMARC

ПолеНазваниеЗначение
  Тип записи a
  Библиографический уровень c
001 Контрольный номер RU/ГПНТБ России/KNIGADB/84Р6/О-72-188660254
005 Дата корректировки 20240410112226.8
010 Индекс ISBN __
a ISBN 978-5-389-03655-0
b Уточнения в пер.
9 Тираж 3000 экз.
d Цена 611-60
100 Данные общей обработки __
a Данные общей обработки 20201210d2018####d y0rusy0289 ca
101 Язык документа 0_
a Язык текста rus
102 Страна публикации __
a Страна публикации RU
105 Кодированные данные (монография) __
a Кодированные данные (монография) a 000ay
181 Поле кодированных данных: вид содержания _0
a Код вида содержания (ISBD) i
182 Поле кодированных данных: тип средства _0
a Код типа средства (ISBD) n
200 Заглавие и сведения об ответственности 1_
a Заглавие Все о Динке и ее друзьях
e Сведения, относящиеся к заглавию повести
f Первые сведения об ответственности Валентина Осеева ; художник Адриан Ермолаев
203 Вид содержания и тип средства __
a Вид содержания Текст
c Тип средства непосредственный
210 Выходные данные 1_
a Место издания Санкт-Петербург
c Издательство Азбука
c Издательство Азбука-Аттикус
d Дата издания 2018
215 Физическое описание __
a Объем 830, [1] с.
c Иллюстрации/тип воспроизводства ил.
d Формат 24 см
225 Серия 2_
a Серия Все о...
300 Общие примечания __
a Общие примечания На титульной странице указано содержание: Динка; Динка прощается с детством
330 Аннотация __
a Аннотация Динка - любимая героиня миллионов читателей, озорница и фантазерка. Эта непосредственная, добрая и отзывчивая девочка с первых страниц книги завоевывает сердца миллионов читателей. Своими поступками она учит быть стойкой, решительной, благородной, никогда не падать духом и не бояться трудностей.
333 Примечание о целевом назначении __
a Примечание о целевом назначении 0+
464 Аналитический уровень _0
1 2001
a Динка
464 Аналитический уровень _0
1 2001
a Динка прощается с детством
606 Тематические рубрики __
a Основная рубрика Художественная литература
606 Тематические рубрики __
a Основная рубрика Русская литература XX в. (произведения)
610 Ключевые слова 0_
a Ключевые слова детская литература
610 Ключевые слова 0_
a Ключевые слова повести
610 Ключевые слова 0_
a Ключевые слова повести для детей
610 Ключевые слова 0_
a Ключевые слова повести о детях
610 Ключевые слова 0_
a Ключевые слова тема взросления
610 Ключевые слова 0_
a Ключевые слова тема дружбы
610 Ключевые слова 0_
a Ключевые слова тема взаимоотношений
610 Ключевые слова 0_
a Ключевые слова тема девочек
686 Индексы других классификаций __
2 Код системы rubbks
a Классификационный индекс ст84(2=411.2)6-4
700 Автор _1
a Фамилия Осеева
b Имя В. А.
g Полное личное имя Валентина Александровна
f Даты 1902-1969
4 Код отношения 070
702 Вторичная интеллектуальная ответственность _1
a Фамилия Ермолаев
b Имя А. М.
g Полное личное имя Адриан Михайлович
f Даты 1900-1977
4 Код отношения 440
801 Источник записи _0
b Организация ГПНТБ России
a Страна RU
c Дата составления 20201210
g Правила каталогизации PSBO
801 Источник записи _1
b Организация ГПНТБ России
a Страна RU
c Дата составления 20201210
g Правила каталогизации PSBO
852 Данные о местонахождении 5_
j Шифр хранения ст84(2=411.2)6-4
i Авторский знак О-72
900 Макрообъекты __
a Макрообъекты Все о Динке и ее друзьях, 2018
901 Тип документа __
a Ответственный ООФиК/Волкова
t Тип документа x
903 Характеристики (МАРС) __
a Дата передачи 20201215
c Наименование библиотеки (МАРС) Муниципальное бюджетное учреждение культуры "Централизованная библиотечная система" г. Сургут (Центральная городская библиотека им. А. С. Пушкина)
969 Тип издания __
a Тип издания издание для детей
990 Данные о заказе (DOS) __
j Количество экземпляров (DOS) 2
t N записи в КСУ для И/У (DOS) 202101